| 000 | 00815cab a2200253 4500 | ||
|---|---|---|---|
| 001 | ABS55862 | ||
| 008 | 090401t1996 xxu||||| |||| 00| 0 eng d | ||
| 035 | _a(Sirsi) u19219 | ||
| 041 | _aeng | ||
| 100 | _aCarmona, M. | ||
| 245 | _aSquaring the design control circle - prescription without interference | ||
| 260 | _c1996 | ||
| 350 | _a0 | ||
| 490 |
_aTown & Country Planning _v65(9) September 1996, 240-243(4) |
||
| 520 | _aA detailed look at the revised draft of PPG1. Compares the text of the current PPG1 (1992) with the draft version and considers the implications for design control. | ||
| 650 | _aDESIGN ISSUES | ||
| 650 | _aDESIGN POLICY | ||
| 650 | _aPPG1 ANNEX A | ||
| 650 | _aPPG1 | ||
| 650 | _aURBAN DESIGN | ||
| 690 | _aPLANNING LAW AND PRACTICE | ||
| 942 | _n0 | ||
| 948 | _c04/03/1997 | ||
| 999 |
_c12808 _d12808 |
||